[Event "Romanian-ch Open 2022"]
[Site "Eforie Nord"]
[Date "2022.02.22"]
[Round "4.19"]
[White "Cnejev, Vladimir-Alexandru"]
[Black "Serban, Cristian-Stefan"]
[Result "0-1"]
[WhiteElo "2179"]
[BlackElo "2090"]
[Annotator "NA"]
[PlyCount "133"]
[EventDate "2022.02.20"]
[EventType "swiss"]
[EventCountry "ROU"]
[SourceTitle "playchess.com"]
[Source "ChessBase"]
[SourceQuality "1"]
[TimeControl "40/5400+30:900+30"]

1. e4 {[%emt 0:00:00]} c5 {[%emt 0:22:09]} 2. Nf3 {[%emt 0:00:00]} d6 {[%emt 0:00:30]} 3. Bb5+ {[%emt 0:00:13]} Nd7 {[%emt 0:00:30]} 4. O-O {[%emt 0:00:30]} a6 {[%emt 0:00:30]} 5. Bd3 {[%emt 0:00:30]} Ngf6 {[%emt 0:00:30]} 6. Re1 {[%emt 0:00:30]} e6 {[%emt 0:00:30] The main line 6...e6 scores better than 6...b5.} 7. c3 {[%emt 0:00:30]} b5 {[%emt 0:00:30]} 8. a4 {[%emt 0:00:30]} c4 {[%emt 0:00:30]} 9. Bc2 {[%emt 0:00:30]} Bb7 {[%emt 0:00:30]} 10. axb5 {[%emt 0:00:30]} axb5 {[%emt 0:00:30]} 11. Rxa8 {[%emt 0:00:30]} Qxa8 {[%emt 0:00:30]} 12. Na3 {[%emt 0:00:30]} Bxe4 {[%emt 0:00:30]} 13. Bxe4 {[%emt 0:00:30]} Nxe4 {[%emt 0:00:30]} 14. Nxb5 {[%emt 0:00:30]} Qb7 {[%emt 0:00:30]} 15. Qe2 {[%emt 0:00:30]} d5 {[%emt 0:00:30] [#]} 16. d3 $146 {[%emt 0:00:30]} ({Predecessor:} 16. Nbd4 Ndc5 17. Ne5 Bd6 18. Ndf3 Qb6 19. Qe3 Qa6 20. b4 cxb3 21. d3 Nf6 22. Qd4 {0-1 (52) Madaminov,M (2328)-Vidit,S (2727) Chess.com INT 2021}) 16... cxd3 {[%emt 0:00:30]} 17. Qxd3 {[%emt 0:00:30]} Bc5 {[%emt 0:00:30]} 18. Nfd4 {[%emt 0:00:30]} e5 {[%emt 0:00:30]} 19. f3 {[%emt 0:00:30]} exd4 {[%emt 0:00:30]} 20. cxd4 $11 {[%emt 0:00:30]} O-O 21. fxe4 dxe4 22. Rxe4 Rc8 23. Be3 Nf6 24. Re5 Bb4 25. h3 g6 26. Nc3 Qa8 27. Bg5 Qa1+ 28. Nd1 Nd7 29. Re2 Bd6 30. Rf2 Nf8 31. Qf3 Rc7 32. Be3 Ne6 33. Rf1 Qa2 34. d5 Nf8 35. Bd4 f5 36. Bc3 Nd7 37. Re1 Nb6 38. Ne3 Re7 39. Bd4 Nxd5 40. Kh1 Bf4 41. Nc2 Rxe1+ 42. Nxe1 Qc4 43. Qd3 Qc1 44. Qe2 Kf7 45. Kg1 Bg3 46. Bf2 Nf4 47. Qc2 Bxf2+ 48. Kxf2 Qxc2+ 49. Nxc2 Nd3+ 50. Kf3 Nxb2 51. g4 Kf6 52. gxf5 {[%emt 0:39:43]} gxf5 {[%emt 1:02:39]} 53. Ne3 {[%emt 0:00:30]} Ke5 {[%emt 0:00:30]} 54. Ng2 {[%emt 0:00:30]} Nd3 {[%emt 0:00:30]} 55. Ke3 {[%emt 0:00:30]} Nc5 {[%emt 0:00:30]} 56. Nf4 {[%emt 0:00:30]} Ne6 {[%emt 0:00:30]} 57. Nd3+ {[%emt 0:00:30]} Kf6 {[%emt 0:00:30]} 58. Kf3 {[%emt 0:00:30]} Kg5 {[%emt 0:00:30]} 59. Ne5 {[%emt 0:00:30]} Kh4 {[%emt 0:00:30]} 60. Nf7 {[%emt 0:00:30]} Ng5+ {[%emt 0:00:30]} 61. Nxg5 {[%emt 0:00:30]} Kxg5 {[%emt 0:00:30]} 62. Ke3 {[%emt 0:00:30]} Kf6 {[%emt 0:00:30]} 63. Kd4 {[%emt 0:00:30]} f4 {[%emt 0:00:30]} 64. Ke4 {[%emt 0:00:30]} Kg5 {[%emt 0:00:30]} 65. Kd3 {[%emt 0:00:30]} Kh4 {[%emt 0:00:30]} 66. Ke2 {[%emt 0:00:30]} Kg3 {[%emt 0:00:30]} 67. Kf1 {[%emt 0:00:30]} 0-1

[Event "Romanian-ch Open 2022"]
[Site "Eforie Nord"]
[Date "2022.02.22"]
[Round "4.20"]
[White "Anton, Teodor"]
[Black "Mintau, Andrei-Catalin"]
[Result "1-0"]
[WhiteElo "2457"]
[BlackElo "2029"]
[Annotator "TA"]
[PlyCount "63"]
[EventDate "2022.02.20"]
[EventType "swiss"]
[EventCountry "ROU"]
[SourceTitle "playchess.com"]
[Source "ChessBase"]
[SourceQuality "1"]

{[%evp 18,63,51,45,115,127,130,118,130,125,126,116,158,135,144,136,137,139,150,147,146,143,198,100,249,128,216,216,254,206,204,194,205,181,262,241,296,283,343,340,380,359,490,492,568,529,808,819]} 1. Nf3 Nf6 2. c4 c5 3. g3 b6 4. Bg2 Bb7 5. O-O e6 6. Nc3 Be7 7. Re1 d6 8. e4 Nbd7 9. d4 cxd4 10. Nxd4 a6 {A30: Symmetrical English: Double Fianchetto and Hedgehog.} (10... Qc7 $14) 11. e5 $16 dxe5 {[#] Threatens to win with ...Bxg2.} 12. Bxb7 {Black must now prevent Nc6.} exd4 {White is better.} 13. Bxa8 {[%cal Oc3d5] And now Nd5! would win. White is much more active. Black has bad knights.} ({Don't do} 13. Qxd4 Ra7 14. Bg2 O-O $14) 13... dxc3 14. Bg2 {[#]} Qc7 $146 ({Black should try} 14... cxb2 15. Bxb2 O-O) ({Predecessor:} 14... cxb2 15. Bxb2 O-O 16. Bd4 Qc7 17. Rc1 Bc5 18. Bxc5 Nxc5 19. Qc2 Rd8 20. Red1 Rc8 {1-0 (33) Yevseev,D (2474)-Klimov,S (2486) St Petersburg 2021}) 15. bxc3 Qxc4 16. Qb3 Qc7 17. Bf4 {This bishop pair is nice.} e5 18. Be3 O-O 19. Rab1 b5 (19... Rb8 $16 20. Qa4 Nc5) 20. Rec1 (20. c4 $18) 20... Rc8 {[#] This costs Black the game.} (20... Bc5 $16 {keeps fighting.}) 21. a4 (21. c4 $1 $18 {[%cal Rc4b5]} bxc4 22. Qa4) 21... Rb8 (21... Nc5 $16 {is a better defense.} 22. Bxc5 Bxc5) 22. axb5 $18 axb5 23. Qd1 {Prevents Ng4.} Bc5 24. Bxc5 Qxc5 25. Qd3 Qa3 (25... g6 {was necessary.} 26. Rb4 Kg7) 26. Bc6 e4 27. Bxe4 Ne5 28. Qd4 Re8 29. Bg2 Qe7 30. Rxb5 {White is clearly winning.} Neg4 31. h3 Rd8 32. Qb4 {Weighted Error Value: White=0.18 (very precise) /Black=0.45} ({Weaker is} 32. hxg4 Rxd4 33. cxd4 h6 34. Rb8+ Kh7 $18) 1-0

[Event "Romanian-ch Open 2022"]
[Site "Eforie Nord"]
[Date "2022.02.22"]
[Round "4.21"]
[White "Mazilu, Stefan-Fabian"]
[Black "Vilcu, Matei-Stefan"]
[Result "1/2-1/2"]
[WhiteElo "1886"]
[BlackElo "2112"]
[Annotator "NA"]
[PlyCount "118"]
[EventDate "2022.02.20"]
[EventType "swiss"]
[EventCountry "ROU"]
[SourceTitle "playchess.com"]
[Source "ChessBase"]
[SourceQuality "1"]
[TimeControl "40/5400+30:900+30"]

1. e4 {[%emt 0:00:06]} c5 {[%emt 0:00:06]} 2. Nf3 {[%emt 0:00:04]} d6 {[%emt 0:00:04]} 3. Bb5+ {[%emt 0:00:07]} Bd7 {[%emt 0:00:16]} 4. Bxd7+ {[%emt 0:00:08]} Nxd7 {[%emt 0:00:05]} 5. O-O {[%emt 0:00:09]} Ngf6 {[%emt 0:00:03]} 6. Qe2 {[%emt 0:00:05]} e6 {[%emt 0:00:08]} 7. d4 {[%emt 0:00:07]} cxd4 {[%emt 0:00:23]} 8. Nxd4 {[%emt 0:00:13]} Be7 {[%emt 0:00:15]} 9. c4 {[%emt 0:00:10]} a6 {[%emt 0:00:30]} 10. b3 {[%emt 0:00:33]} O-O {[%emt 0:00:19]} 11. Bb2 {[%emt 0:00:10]} Qa5 {[%emt 0:00:39]} 12. Nc3 {[%emt 0:03:07]} Rfe8 {[%emt 0:01:30]} 13. Rad1 {[%emt 0:08:04]} Rac8 {[%emt 0:01:41]} 14. Nc2 {[%emt 0:23:31]} h6 {[%emt 0:15:23]} 15. Kh1 {[%emt 0:02:06]} Nb8 {[%emt 0:07:54]} 16. f4 {[%emt 0:04:38]} Nc6 {[%emt 0:02:41]} 17. g4 {[%emt 0:11:39]} Nh7 {[%emt 0:04:51]} 18. Qf2 {[%emt 0:08:05]} b5 {[%emt 0:04:05]} 19. cxb5 {[%emt 0:03:24]} axb5 {[%emt 0:02:56]} 20. a3 {[%emt 0:00:18]} Bf6 {[%emt 0:19:26]} 21. b4 {[%emt 0:02:28]} Qa8 {[%emt 0:00:09]} 22. Qf3 {[%emt 0:03:40]} Red8 {[%emt 0:12:35]} 23. Rd3 {[%emt 0:01:54]} Ne7 {[%emt 0:05:39]} 24. Nd4 {[%emt 0:01:42]} Bxd4 {[%emt 0:04:05]} 25. Rxd4 {[%emt 0:00:18]} Qc6 {[%emt 0:01:26]} 26. h4 {[%emt 0:03:29]} f5 {[%emt 0:01:09]} 27. exf5 {[%emt 0:04:42]} exf5 {[%emt 0:00:31]} 28. g5 {[%emt 0:01:14]} hxg5 {[%emt 0:03:01]} 29. hxg5 {[%emt 0:00:14]} Nf8 {[%emt 0:01:32]} 30. Qxc6 {[%emt 0:02:05]} Rxc6 {[%emt 0:02:28]} 31. Nxb5 {[%emt 0:00:39]} Rc2 {[%emt 0:00:42]} 32. Ba1 {[%emt 0:01:07]} d5 {[%emt 0:01:14]} 33. Rd3 {[%emt 0:01:36]} Kf7 {[%emt 0:02:22]} 34. Bd4 {[%emt 0:05:02]} Ne6 {[%emt 0:01:36]} 35. Be5 {[%emt 0:02:45]} Rh8+ {[%emt 0:00:49]} 36. Kg1 {[%emt 0:00:07]} Rch2 {[%emt 0:01:32]} 37. a4 {[%emt 0:02:55]} R8h4 {[%emt 0:03:06]} 38. Rdf3 {[%emt 0:01:36]} Ra2 {[%emt 0:00:38]} 39. a5 {[%emt 0:00:23]} Rg4+ {[%emt 0:00:11]} 40. Kh1 {[%emt 0:00:00]} Rh4+ {[%emt 0:00:00]} 41. Kg1 {[%emt 0:00:17]} Rg4+ {[%emt 0:01:46]} 42. Kh1 {[%emt 0:00:04]} Nc6 {[%emt 0:07:26]} 43. Nd6+ {[%emt 0:01:13]} Kg6 {[%emt 0:00:10]} 44. Bc3 {[%emt 0:07:18]} Ncd4 {[%emt 0:03:07]} 45. Bxd4 {[%emt 0:05:00]} Nxd4 {[%emt 0:00:04]} 46. R3f2 {[%emt 0:00:27]} Ne2 {[%emt 0:02:01]} 47. Rxe2 {[%emt 0:02:46]} Rxe2 {[%emt 0:00:07]} 48. a6 {[%emt 0:01:50]} Rh4+ {[%emt 0:01:41]} 49. Kg1 {[%emt 0:00:19]} Ra2 {[%emt 0:00:45]} 50. b5 {[%emt 0:00:20]} Rhh2 {[%emt 0:01:33]} 51. Rb1 {[%emt 0:01:27]} Rag2+ {[%emt 0:00:25]} 52. Kf1 {[%emt 0:00:10]} Rf2+ {[%emt 0:00:08]} 53. Kg1 {[%emt 0:00:29]} Rhg2+ {[%emt 0:01:50]} 54. Kh1 {[%emt 0:00:07]} Rh2+ {[%emt 0:02:16]} 55. Kg1 {[%emt 0:00:07]} Rfg2+ {[%emt 0:00:06]} 56. Kf1 {[%emt 0:00:04]} Ra2 {[%emt 0:00:46]} 57. Kg1 {[%emt 0:00:12]} Rhg2+ {[%emt 0:01:05]} 58. Kh1 {[%emt 0:00:11]} Rh2+ {[%emt 0:00:10]} 59. Kg1 {[%emt 0:00:07]} Rhg2+ {[%emt 0:00:49]} 1/2-1/2

[Event "Romanian-ch Open 2022"]
[Site "Eforie Nord"]
[Date "2022.02.22"]
[Round "4.22"]
[White "Popescu, Daniel-Vasilica"]
[Black "Capragiu, Matei-Stefan"]
[Result "1-0"]
[WhiteElo "2064"]
[BlackElo "1902"]
[Annotator "NA"]
[PlyCount "125"]
[EventDate "2022.02.20"]
[EventType "swiss"]
[EventCountry "ROU"]
[SourceTitle "playchess.com"]
[Source "ChessBase"]
[SourceQuality "1"]
[TimeControl "40/5400+30:900+30"]

1. e4 {[%emt 0:00:03]} e6 {[%emt 0:00:03]} 2. d4 {[%emt 0:00:04]} d5 {[%emt 0:00:05]} 3. e5 {[%emt 0:00:04]} c5 {[%emt 0:00:03]} 4. c3 {[%emt 0:00:05]} Nc6 {[%emt 0:00:04]} 5. Nf3 {[%emt 0:00:03]} Bd7 {[%emt 0:00:07]} 6. a3 {[%emt 0:00:14]} Nge7 {[%emt 0:00:12]} 7. b4 {[%emt 0:00:44]} cxd4 {[%emt 0:00:08]} 8. cxd4 {[%emt 0:00:06]} Nf5 {[%emt 0:00:07]} 9. Bb2 {[%emt 0:05:57]} b5 {[%emt 0:01:23]} 10. Bxb5 {[%emt 0:31:42]} Nxe5 {[%emt 0:03:08]} 11. Bxd7+ {[%emt 0:00:07]} Nxd7 {[%emt 0:00:06]} 12. O-O {[%emt 0:10:55]} Bd6 {[%emt 0:01:33]} 13. Nc3 {[%emt 0:06:41]} Nb6 {[%emt 0:03:05]} 14. Nb5 {[%emt 0:02:24]} O-O {[%emt 0:02:56]} 15. Qd3 {[%emt 0:04:51]} Nc4 {[%emt 0:03:35]} 16. Bc1 {[%emt 0:00:01]} a5 {[%emt 0:03:21]} 17. bxa5 {[%emt 0:08:39]} Qxa5 {[%emt 0:01:59]} 18. Nxd6 {[%emt 0:01:41]} Nfxd6 {[%emt 0:03:49]} 19. Ng5 {[%emt 0:00:34]} f5 {[%emt 0:13:28]} 20. Qh3 {[%emt 0:06:08]} h6 {[%emt 0:02:26]} 21. Nxe6 {[%emt 0:00:02]} Rf6 {[%emt 0:03:21]} 22. Nf4 {[%emt 0:00:01]} g5 {[%emt 0:02:12]} 23. Ne2 {[%emt 0:08:06]} Re8 {[%emt 0:02:50]} 24. Nc3 {[%emt 0:04:24]} Ne4 {[%emt 0:01:54]} 25. Nxe4 {[%emt 0:00:54]} Rxe4 {[%emt 0:00:27]} 26. Qb3 {[%emt 0:03:21]} Rb6 {[%emt 0:03:49]} 27. Qd3 {[%emt 0:00:07]} f4 {[%emt 0:03:06]} 28. Rb1 {[%emt 0:03:04]} Kg7 {[%emt 0:05:01]} 29. Rxb6 {[%emt 0:01:55]} Qxb6 {[%emt 0:00:08]} 30. Bd2 {[%emt 0:00:33]} Nxd2 {[%emt 0:00:49]} 31. Qxd2 {[%emt 0:00:02]} Qxd4 {[%emt 0:00:11]} 32. Qa5 {[%emt 0:01:27]} Re7 {[%emt 0:03:39]} 33. Qd8 {[%emt 0:00:08]} Qe4 {[%emt 0:01:27]} 34. h3 {[%emt 0:00:32]} Qe6 {[%emt 0:01:12]} 35. Rd1 {[%emt 0:01:00]} Rd7 {[%emt 0:01:13]} 36. Qa5 {[%emt 0:00:08]} d4 {[%emt 0:01:47]} 37. Qb4 {[%emt 0:00:38]} Qd6 {[%emt 0:01:39]} 38. Qb2 {[%emt 0:00:01]} Kg6 {[%emt 0:00:40]} 39. Rd3 {[%emt 0:00:01]} Qc5 {[%emt 0:02:22]} 40. Qe2 {[%emt 0:00:00]} Re7 {[%emt 0:00:00]} 41. Qd2 {[%emt 0:04:59]} Rd7 {[%emt 0:03:36]} 42. Qd1 {[%emt 0:01:19]} Qa5 {[%emt 0:12:17]} 43. h4 {[%emt 0:02:35]} Re7 {[%emt 0:04:16]} 44. h5+ {[%emt 0:00:21]} Kf6 {[%emt 0:01:21]} 45. Kh2 {[%emt 0:00:14]} Re1 {[%emt 0:01:52]} 46. Qf3 {[%emt 0:01:14]} Qe5 {[%emt 0:06:15]} 47. Rb3 {[%emt 0:04:16]} Re4 {[%emt 0:08:25]} 48. g4 {[%emt 0:03:48]} Qe6 {[%emt 0:04:58]} 49. Rb5 {[%emt 0:00:19]} Re5 {[%emt 0:00:29]} 50. Rb7 {[%emt 0:01:59]} Qd5 {[%emt 0:03:41]} 51. Qd3 {[%emt 0:00:21]} Qe4 {[%emt 0:01:14]} 52. Rb6+ {[%emt 0:01:06]} Ke7 {[%emt 0:01:53]} 53. Qa6 {[%emt 0:00:31]} Re6 {[%emt 0:00:22]} 54. Rb7+ {[%emt 0:00:17]} Kf6 {[%emt 0:00:28]} 55. Qa8 {[%emt 0:00:14]} Re8 {[%emt 0:01:47]} 56. Rb6+ {[%emt 0:00:48]} Kf7 {[%emt 0:00:14]} 57. Qa6 {[%emt 0:00:46]} Re6 {[%emt 0:00:08]} 58. Rb7+ {[%emt 0:00:16]} Kf6 {[%emt 0:00:10]} 59. Qa7 {[%emt 0:00:38]} Qe2 {[%emt 0:01:37]} 60. Qxd4+ {[%emt 0:00:14]} Qe5 {[%emt 0:00:07]} 61. Qd8+ {[%emt 0:00:17]} Re7 {[%emt 0:00:18]} 62. Qh8+ {[%emt 0:00:23]} Ke6 {[%emt 0:00:18]} 63. Rxe7+ {[%emt 0:02:38]} 1-0

[Event "Romanian-ch Open 2022"]
[Site "Eforie Nord"]
[Date "2022.02.22"]
[Round "4.23"]
[White "Ignat, Matei-Marius"]
[Black "Craciun, Sasha-Matei"]
[Result "1/2-1/2"]
[WhiteElo "2053"]
[BlackElo "1871"]
[Annotator "NA"]
[PlyCount "113"]
[EventDate "2022.02.20"]
[EventType "swiss"]
[EventCountry "ROU"]
[SourceTitle "playchess.com"]
[Source "ChessBase"]
[SourceQuality "1"]
[TimeControl "40/5400+30:900+30"]

1. e4 {[%emt 0:00:01]} e5 {[%emt 0:00:10]} 2. Nf3 {[%emt 0:00:03]} Nc6 {[%emt 0:00:05]} 3. Bb5 {[%emt 0:00:04]} a6 {[%emt 0:00:06]} 4. Ba4 {[%emt 0:00:02]} Nf6 {[%emt 0:00:05]} 5. O-O {[%emt 0:00:03]} Be7 {[%emt 0:00:07]} 6. Re1 {[%emt 0:00:04]} b5 {[%emt 0:00:06]} 7. Bb3 {[%emt 0:00:02]} d6 {[%emt 0:00:06]} 8. c3 {[%emt 0:00:03]} O-O {[%emt 0:00:06]} 9. h3 {[%emt 0:00:03]} Na5 {[%emt 0:00:21]} 10. Bc2 {[%emt 0:00:04]} c5 {[%emt 0:00:07]} 11. d4 {[%emt 0:00:06]} Qc7 {[%emt 0:00:09]} 12. d5 {[%emt 0:00:04]} Nd7 {[%emt 0:00:24]} 13. b3 {[%emt 0:03:10]} Nb6 {[%emt 0:01:27]} 14. Nbd2 {[%emt 0:05:10]} c4 {[%emt 0:00:32]} 15. Nf1 {[%emt 0:27:19]} cxb3 {[%emt 0:02:01]} 16. axb3 {[%emt 0:00:05]} Nb7 {[%emt 0:00:38]} 17. Be3 {[%emt 0:01:13]} Bd7 {[%emt 0:04:31]} 18. Qe2 {[%emt 0:09:37]} f5 {[%emt 0:08:56]} 19. Bxb6 {[%emt 0:13:15]} Qxb6 {[%emt 0:00:03]} 20. exf5 {[%emt 0:00:24]} Bxf5 {[%emt 0:00:24]} 21. Bxf5 {[%emt 0:00:19]} Rxf5 {[%emt 0:00:02]} 22. b4 {[%emt 0:00:01]} Qc7 {[%emt 0:08:17]} 23. Ra3 {[%emt 0:07:29]} Bd8 {[%emt 0:16:37]} 24. Rea1 {[%emt 0:23:57]} Qb6 {[%emt 0:01:24]} 25. N3d2 {[%emt 0:00:30]} Rf7 {[%emt 0:09:58]} 26. Nb3 {[%emt 0:08:17]} Bg5 {[%emt 0:03:31]} 27. R1a2 {[%emt 0:01:19]} Nd8 {[%emt 0:04:46]} 28. g3 {[%emt 0:00:40]} Rc7 {[%emt 0:01:54]} 29. h4 {[%emt 0:00:22]} Bf6 {[%emt 0:00:25]} 30. Nbd2 {[%emt 0:00:11]} Qb7 {[%emt 0:01:36]} 31. Ne3 {[%emt 0:00:27]} Nf7 {[%emt 0:00:21]} 32. Ne4 {[%emt 0:00:39]} Be7 {[%emt 0:00:38]} 33. Qd1 {[%emt 0:01:03]} Qb6 {[%emt 0:00:54]} 34. Qa1 {[%emt 0:00:41]} Rca7 {[%emt 0:00:14]} 35. Kg2 {[%emt 0:00:28]} Bd8 {[%emt 0:00:21]} 36. Qb2 {[%emt 0:00:38]} Qb7 {[%emt 0:02:01]} 37. Qa1 {[%emt 0:00:25]} Bb6 {[%emt 0:00:16]} 38. Qd1 {[%emt 0:00:31]} Qc7 {[%emt 0:00:47]} 39. Qd3 {[%emt 0:00:33]} Bxe3 {[%emt 0:02:01]} 40. fxe3 {[%emt 0:00:00]} Qb6 {[%emt 0:00:00]} 41. Rf2 {[%emt 0:08:39]} Qd8 {[%emt 0:05:21]} 42. Rf3 {[%emt 0:01:55]} h6 {[%emt 0:03:22]} 43. Ra2 {[%emt 0:00:48]} Nh8 {[%emt 0:01:32]} 44. Raf2 {[%emt 0:00:21]} Qd7 {[%emt 0:00:01]} 45. Qf1 {[%emt 0:03:29]} Qe7 {[%emt 0:00:13]} 46. h5 {[%emt 0:02:08]} Rc7 {[%emt 0:00:33]} 47. Qd3 {[%emt 0:01:34]} Rc4 {[%emt 0:01:09]} 48. Kh3 {[%emt 0:00:38]} Rcc8 {[%emt 0:01:35]} 49. Qf1 {[%emt 0:00:29]} Rc4 {[%emt 0:01:52]} 50. Qb1 {[%emt 0:00:31]} Re8 {[%emt 0:01:38]} 51. Qc2 {[%emt 0:00:29]} Rcc8 {[%emt 0:00:30]} 52. Qa2 {[%emt 0:00:22]} Ra8 {[%emt 0:00:24]} 53. Qa1 {[%emt 0:00:38]} Qd7+ {[%emt 0:00:54]} 54. g4 {[%emt 0:00:09]} Re7 {[%emt 0:00:19]} 55. Qa5 {[%emt 0:00:49]} Nf7 {[%emt 0:01:12]} 56. Qb6 {[%emt 0:00:34]} Qc7 {[%emt 0:00:30]} 57. Qxc7 {[%emt 0:00:28]} 1/2-1/2

[Event "Romanian-ch Open 2022"]
[Site "Eforie Nord"]
[Date "2022.02.22"]
[Round "4.24"]
[White "Butolo, Alexandru-Mircea"]
[Black "Sarighioleanu, Sebastian-Laure"]
[Result "1/2-1/2"]
[WhiteElo "1850"]
[BlackElo "2045"]
[Annotator "TA"]
[PlyCount "49"]
[EventDate "2022.02.20"]
[EventType "swiss"]
[EventCountry "ROU"]
[SourceTitle "playchess.com"]
[Source "ChessBase"]
[SourceQuality "1"]

{[%evp 13,49,16,62,5,5,-8,-12,-15,0,0,0,0,0,-12,0,-24,-24,-34,-12,-12,-13,-31,-37,-37,-32,-33,-42,-45,-45,-80,-79,-90,-77,-85,-10,-10,-11,-10]} 1. e4 c5 2. Nf3 e6 3. d4 cxd4 4. Nxd4 a6 5. Nc3 Qc7 6. Bd3 Nf6 7. O-O Bc5 (7... Nc6 $11 8. Be3 b5) 8. Nf3 {White is more active. B43: Sicilian: Kan Variation: 5 Nc3.} (8. Nb3 $1 $14) 8... Nc6 9. Bg5 Be7 10. Qd2 O-O {[#]} 11. a3 $146 ({Predecessor:} 11. Rad1 d6 12. a4 b6 13. Be2 Rd8 14. Nd4 Bb7 15. Nxc6 Bxc6 16. Qd4 h6 17. Be3 {1-0 (51) Soldini,P (1612)-Westermeyer,A (1948) IECG email 2003}) 11... b5 12. Rfe1 d6 $1 {Inhibits e5.} 13. Rad1 Bb7 14. Qe2 h6 15. Bf4 Ne5 (15... Nd7 {is more complex.} 16. Nb1 Nc5 17. Nbd2 Bf6 18. c3 Nxd3 19. Qxd3 Rfd8) 16. Nxe5 dxe5 17. Be3 {[#]} Bxa3 $1 18. Nxb5 axb5 19. bxa3 Nxe4 20. Bxe4 Bxe4 21. Qxb5 Rfb8 22. Qc5 Qxc5 23. Bxc5 {[#]} Bxc2 (23... Rc8 $1 $17 24. Bb4 (24. Rxe4 Rxc5 25. a4 Rxc2 $17) 24... Bxc2) 24. Rc1 $11 Bf5 25. Rxe5 {Weighted Error Value: White=0.15 (very precise) /Black=0.15 (very precise)} 1/2-1/2

[Event "Romanian-ch Open 2022"]
[Site "Eforie Nord"]
[Date "2022.02.22"]
[Round "4.25"]
[White "Tamas, Christian-Arrydan"]
[Black "Veress, Armand"]
[Result "0-1"]
[WhiteElo "1833"]
[BlackElo "2034"]
[Annotator "TA"]
[PlyCount "62"]
[EventDate "2022.02.20"]
[EventType "swiss"]
[EventCountry "ROU"]
[SourceTitle "playchess.com"]
[Source "ChessBase"]
[SourceQuality "1"]

{[%evp 9,62,18,49,49,68,37,45,30,39,12,35,0,35,41,44,0,0,-348,-336,-476,-462,-474,-466,-574,-368,-967,-966,-898,-562,-560,-560,-996,-549,-6403,-5281,-2152,-750,-713,-708,-692,-671,-631,-623,-740,-743,-739,-721,-751,-750,-1068,-973,-1008,-732,-6295,-6418]} 1. d4 {[%cal Bd2d4,Bd4d5][%mdl 32]} Nf6 2. Nf3 c5 3. d5 b5 4. c3 Bb7 5. e4 Nxe4 6. Bxb5 {A43: Schmid Benoni.} e6 7. dxe6 fxe6 8. O-O {White is slightly better.} Be7 $1 {[%cal Bf8e7,Be7d6,Bd6h2][%mdl 32]} 9. Ne5 {next Qh5+ is good for White.} Nf6 {[#] Inhibits Qh5+.} 10. Bg5 $146 ({Predecessor:} 10. c4 O-O 11. Nc3 d6 12. Nf3 a6 13. Ba4 Kh8 14. Ng5 Qc8 15. Re1 e5 16. Bc2 {0-1 (43) Diermair,A (2459)-Kristoferitsch,D (2212) Graz 2021}) 10... Qc7 11. Re1 O-O {[%cal Ob7g2]} 12. Bxf6 (12. Qe2 $14 {deserves consideration.}) 12... Rxf6 $11 13. Bxd7 $2 {[%mdl 8192] [#] White is now going downhill.} (13. Nd2 $11 {and White has nothing to worry.}) 13... Bd6 $19 14. Ng4 (14. Bc8 {was worth a try.} Bxc8 15. Nf3) 14... Nxd7 {[%cal Bb8d7,Bd7f6,Bf6e4][%mdl 32]} 15. Nxf6+ Nxf6 ({Not} 15... gxf6 $2 16. Qh5 $19) 16. h3 Ne4 17. Nd2 $2 (17. Rxe4 Bxe4 18. Nd2) 17... Bh2+ {This bishop pair is nice. Black is clearly winning.} 18. Kf1 Rd8 19. Rxe4 Bxe4 {[%mdl 64] [#] Pin} 20. g3 Bxg3 21. fxg3 Qxg3 22. Nxe4 Rxd1+ (22... Qxh3+ $142 23. Kf2 Qh2+ 24. Ke3 Qh6+ 25. Kf2 Qh2+ 26. Ke3 Qh6+ 27. Kf2 Rxd1 28. Rxd1 Qf4+ 29. Ke2 Qxe4+ 30. Kf1 Qh1+ 31. Ke2 Qg2+ 32. Ke1 Qe4+ 33. Kf1 h5) 23. Rxd1 Qxh3+ {[%mdl 4096] Endgame KQ-KRN} 24. Kf2 Qh2+ 25. Ke3 Qxb2 26. Rd8+ Kf7 27. Rd7+ Kg6 28. Rxa7 Qc1+ 29. Kd3 Qf1+ 30. Ke3 Qg1+ 31. Kd3 c4+ {Weighted Error Value: White=1.46/Black=1.00} 0-1